[Event "Santo Domingo Independencia op 8th"]
[Site "Santo Domingo"]
[Date "2019.02.23"]
[Round "6"]
[White "Mercado Pujols, Domingo"]
[Black "Brito Cedeno, Pedro Maria"]
[Result "1-0"]
[WhiteElo "1921"]
[BlackElo "1866"]
[PlyCount "51"]
[EventDate "2019.02.15"]
[EventType "swiss"]
[EventRounds "8"]
[EventCountry "DOM"]
[SourceTitle "CBM 189 Extra"]
[Source "ChessBase"]
[SourceDate "2019.06.03"]
[SourceVersion "1"]
[SourceVersionDate "2019.06.03"]
[SourceQuality "1"]

1. c4 e6 2. g3 d5 3. Bg2 c6 4. Qc2 Nf6 5. Nf3 Nbd7 6. b3 Be7 7. Bb2 0-0 8. 0-0 Re8 9. d4 Ne4 10. Nbd2 Ndf6 11. Rad1 a5 12. Ne5 Nd6 13. f3 Qc7 14. e4 dxe4 15. fxe4 c5 16. d5 exd5 17. cxd5 Ng4 18. Nxg4 Bxg4 19. Rde1 f6 20. e5 fxe5 21. Bxe5 b5 22. Ne4 Rac8 23. Qxc5 Qd7 24. Qf2 Nxe4 25. Qf7+ Kh8 26. Qxg7# 1-0